| Поле | Название | Значение |
| |
Тип записи |
a |
| |
Библиографический уровень |
m |
| 001 |
Контрольный номер |
RU/SLIB/B/208730367 |
| 005 |
Дата корректировки |
20201206204022.5 |
| 010 |
Индекс ISBN |
__ |
| a |
ISBN |
5-8018-0074-3 |
| d |
Цена |
164-07 |
| 101 |
Язык документа |
__ |
| a |
Язык текста |
rus |
| c |
Язык оригинала |
rus |
| 200 |
Заглавие и сведения об ответственности |
1_ |
| a |
Заглавие |
Экономический анализ торговой деятельности |
| e |
Сведения, относящиеся к заглавию |
учеб. пособие |
| f |
Первые сведения об ответственности |
М. С. Абрютина |
| b |
Общее обозначение материала |
Текст |
| 210 |
Выходные данные |
__ |
| a |
Место издания |
М. |
| c |
Издательство |
Дело и Сервис |
| d |
Дата издания |
2000 |
| 215 |
Физическое описание |
__ |
| a |
Объем |
512 с. |
| 300 |
Общие примечания |
__ |
| a |
Общие примечания |
Прил. к журн. "Бухгалт. учет и налоги в торговле и обществ. питании |
| 320 |
Библиография |
__ |
| a |
Библиография |
Библиогр.: с. 499-502 |
| 330 |
Аннотация |
__ |
| a |
Аннотация |
В учебном пособии излагается единый системный метод экономического анализа торговой деятельности на макро- и микроуровне, основанный на принципах системы национальных счетов. Для студентов, слушателей и преподавателей вузов, колледжей, бизнес-школ. |
| 606 |
Тематические рубрики |
__ |
| a |
Основная рубрика |
Экономика |
| 606 |
Тематические рубрики |
__ |
| a |
Основная рубрика |
Экономика торговли |
| 610 |
Ключевые слова |
__ |
| a |
Ключевые слова |
торговля; экономический анализ; экономическая теория; предприятия; учет; рыночная экономика; внешняя торговля; трудовые ресурсы; торговая деятельность; товарное обращение; товарообмен; торговые предприятия; товарные ресурсы; спрос; отчетность; доходы; затраты; цена; стоимость; внутренний рынок; импорт; финансово-экономическая деятельность; торгово-экономическая деятельность; прибыль; финансовая устойчивость; платежеспособность; основные фонды; основные средства; ценообразование; инфляция |
| 686 |
Индексы других классификаций |
__ |
| a |
Классификационный индекс |
65.42я73 |
| 700 |
Автор |
_1 |
| a |
Фамилия |
Абрютина |
| b |
Имя |
М. С. |
| 4 |
Код отношения |
070 |
| 801 |
Источник записи |
_0 |
| a |
Страна |
RU |
| b |
Организация |
Муниципальное бюджетное учреждение культуры "Централизованная библиотечная система" г. Сургут (Центральная городская библиотека им. А. С. Пушкина) |
| g |
Правила каталогизации |
КиК/Поспелова |
| 801 |
Источник записи |
_1 |
| a |
Страна |
RU |
| b |
Организация |
Муниципальное бюджетное учреждение культуры "Централизованная библиотечная система" г. Сургут (Центральная городская библиотека им. А. С. Пушкина) |
| g |
Правила каталогизации |
КиК/Поспелова |
| 852 |
Данные о местонахождении |
__ |
| j |
Шифр хранения |
65.42я73 |
| c |
Каталожный индекс |
65.42я73 |
| i |
Авторский знак |
А 16 |
| 901 |
Тип документа |
__ |
| t |
Тип документа |
m |
| 903 |
Характеристики (МАРС) |
__ |
| a |
Дата передачи |
20021105 |
| 969 |
Тип издания |
__ |
| a |
Тип издания |
учебное пособие |
| 990 |
Данные о заказе (DOS) |
__ |
| j |
Количество экземпляров (DOS) |
1 |
| t |
N записи в КСУ для И/У (DOS) |
200211 |